| 000 | 00955nam a2200241 a 4500 | ||
|---|---|---|---|
| 001 | 000035924 | ||
| 005 | 20200930074726.0 | ||
| 008 | 111116s2004 dr ac 001 0 spa d | ||
| 040 |
_aDO-SdBNP _bspa _cBNPHU |
||
| 082 |
_a387.15097293 _bF385a |
||
| 100 | 1 |
_aFerreras, Ivonne, _d1962- _961943 |
|
| 245 | 1 | 0 |
_aAutoridad portuaria dominicana : _bgénesis, historia y perspectivas / _cIvonne Ferreras, Claudia Fernández. |
| 260 |
_aSanto Domingo : _bAPORDOM, _c2004. |
||
| 300 |
_a303 p. : _bil., retrs. ; _c21 cm. |
||
| 504 | _aBibliografía: p. 301-303. | ||
| 590 | _aInventariado, 2018/VM | ||
| 650 | 4 |
_aPuertos _xHistoria _zRepública Dominicana _961944 |
|
| 650 | 4 |
_aPuertos _xReglamentos _zRepública Dominicana _961945 |
|
| 650 | 4 |
_aPuertos _xAspectos económicos _zRepública Dominicana _961946 |
|
| 650 | 4 |
_aTarifas portuarias _zRepública Dominicana _961947 |
|
| 700 | 1 |
_aFernández, Claudia, _d1957- _961948 |
|
| 910 | _aValidado. Control de calidad EMS. | ||
| 999 |
_c35415 _d35415 |
||